[Event "TUR Cup"]
[Site "Antalya"]
[Date "2020.01.27"]
[Round "3"]
[White "Ilbay, Hakki"]
[Black "Nay, Berk"]
[Result "1-0"]
[WhiteElo "1437"]
[BlackElo "1101"]
[PlyCount "52"]
[EventDate "2020.01.26"]
[EventType "swiss"]
[EventRounds "11"]
[EventCountry "TUR"]
[SourceTitle "CBM 194 Extra"]
[Source "ChessBase"]
[SourceDate "2020.03.31"]
[SourceVersion "1"]
[SourceVersionDate "2020.03.31"]
[SourceQuality "1"]

1. e4 Nf6 2. e5 Nd5 3. d4 d6 4. exd6 cxd6 5. c4 Nb6 6. Bd3 Nc6 7. Ne2 g6 8. b3 Bg7 9. Bb2 0-0 10. a3 e5 11. d5 Ne7 12. Nbc3 Bf5 13. Ng3 Bxd3 14. Qxd3 f5 15. h4 e4 16. Qe2 h5 17. 0-0-0 f4 18. Ngxe4 Nf5 19. Nb5 Bxb2+ 20. Qxb2 a5 21. Nd4 Nxd4 22. Qxd4 Rc8 23. Ng5 Rf5 24. Ne6 Qe8 25. Qxb6 Qe7 26. Rhe1 Qd7 1-0

[Event "TUR Cup"]
[Site "Antalya"]
[Date "2019.01.31"]
[Round "7"]
[White "Nay, Berk"]
[Black "Aktay, Hasan Nezih"]
[Result "0-1"]
[WhiteElo "1042"]
[BlackElo "1122"]
[PlyCount "130"]
[EventDate "2019.01.27"]
[EventType "swiss"]
[EventRounds "11"]
[EventCountry "TUR"]
[SourceTitle "CBM 188 Extra"]
[Source "ChessBase"]
[SourceDate "2019.02.26"]
[SourceVersion "1"]
[SourceVersionDate "2019.02.26"]
[SourceQuality "1"]

1. e4 e5 2. Nf3 Nc6 3. Bc4 Be7 4. Nc3 Nf6 5. d3 d6 6. h3 Na5 7. Bb5+ c6 8. Ba4 b5 9. Bb3 0-0 10. 0-0 Nxb3 11. axb3 a5 12. Bg5 b4 13. Ne2 Nh5 14. Bxe7 Qxe7 15. d4 Ba6 16. Re1 Bxe2 17. Qxe2 Nf4 18. Qe3 Qf6 19. dxe5 dxe5 20. Qc5 Qg6 21. g3 f6 22. Kh2 Ne6 23. Qxc6 Qf7 24. Qd5 Rfd8 25. Qc4 h6 26. Red1 Rdc8 27. Qe2 Qc7 28. Rac1 Qb6 29. Qe3 Qxe3 30. fxe3 Nc5 31. Nd2 a4 32. bxa4 Nxa4 33. b3 Nc3 34. Re1 Rd8 35. Nc4 Nxe4 36. Rcd1 Nc3 37. Rxd8+ Rxd8 38. Ra1 Rd7 39. Ra8+ Kf7 40. Rb8 Na2 41. Rb7 Ke6 42. Rxd7 Kxd7 43. Kg2 e4 44. Nd2 Nc3 45. g4 g5 46. Kg3 Ke6 47. h4 f5 48. gxf5+ Kxf5 49. hxg5 hxg5 50. Nc4 Nd1 51. Nd6+ Ke5 52. Nc4+ Kf6 53. Kg4 Nc3 54. Nd6 Kg6 55. Nf5 Nd5 56. Nd6 Nxe3+ 57. Kg3 Nf5+ 58. Nxf5 Kxf5 59. Kf2 Kf4 60. Ke2 g4 61. Kf2 e3+ 62. Ke2 g3 63. Kf1 Kf3 64. c4 bxc3 65. b4 c2 0-1

[Event "TUR-chT2"]
[Site "Konya"]
[Date "2018.07.13"]
[Round "6.27"]
[White "Nay, Berk"]
[Black "Koc, Ahmet"]
[Result "0-1"]
[WhiteElo "1134"]
[BlackElo "1399"]
[PlyCount "98"]
[EventDate "2018.07.10"]
[EventType "team-swiss"]
[EventRounds "9"]
[EventCountry "TUR"]
[SourceTitle "EXT 2019"]
[Source "ChessBase"]
[SourceDate "2018.10.10"]
[SourceVersion "1"]
[SourceVersionDate "2018.10.10"]
[SourceQuality "1"]
[WhiteTeam "Magusa Dernegi"]
[BlackTeam "Karaman Duru Bulgur"]
[WhiteTeamCountry "TUR"]
[BlackTeamCountry "TUR"]

1. e4 d5 2. exd5 Qxd5 3. Nc3 Qd6 4. Bc4 c6 5. Nf3 Bg4 6. h3 Bh5 7. 0-0 Nf6 8. d3 e6 9. Re1 Qc7 10. Bg5 Nbd7 11. Bxf6 Nxf6 12. Ne4 Be7 13. Nxf6+ Bxf6 14. c3 0-0 15. d4 Rad8 16. Qe2 Qf4 17. Qe4 Qxe4 18. Rxe4 Bxf3 19. gxf3 b5 20. Be2 Rd5 21. Kh1 a6 22. Rd1 Rfd8 23. a3 c5 24. b4 cxd4 25. cxd4 Rxd4 26. Rexd4 Bxd4 27. Bd3 g6 28. Rd2 Kf8 29. Kg1 Bc3 30. Rd1 Bb2 31. Rb1 Rxd3 32. Rxb2 Rxa3 33. Kf1 Rxf3 34. Kg2 Rf4 35. Kg3 Rc4 36. Kf3 Ke7 37. Ke3 Kf6 38. f3 g5 39. Kf2 h5 40. Kg2 Kf5 41. Rb3 f6 42. Rb2 h4 43. Rb3 Rc2+ 44. Kg1 Kf4 45. Ra3 Rb2 46. Rxa6 Rxb4 47. Rxe6 Kxf3 48. Rxf6+ Kg3 49. Rg6 Rb1# 0-1

[Event "TUR Cup										"]
[Site "Antalya"]
[Date "2018.02.02"]
[Round "10"]
[White "Sabahi, Caglar"]
[Black "Nay, Berk"]
[Result "1-0"]
[WhiteElo "1066"]
[BlackElo "1162"]
[PlyCount "40"]
[EventDate "2018.01.27"]
[EventType "swiss"]
[EventRounds "11"]
[EventCountry "TUR"]
[SourceTitle "CBM 182 Extra"]
[Source "ChessBase"]
[SourceDate "2018.02.23"]
[SourceVersion "1"]
[SourceVersionDate "2018.02.23"]
[SourceQuality "1"]

1. e4 e5 2. Nf3 Nc6 3. d3 Nf6 4. g3 Bc5 5. Bg2 d6 6. 0-0 Be6 7. c3 Bb6 8. Re1 Ng4 9. d4 0-0 10. h3 Nf6 11. d5 Bd7 12. dxc6 Bxc6 13. Nbd2 Re8 14. Qc2 Nh5 15. Nc4 Bc5 16. a4 a5 17. Qb3 Nxg3 18. Bg5 Qd7 19. Ne3 Nh5 20. Nf5 h6 1-0

[Event "TUR Cup										"]
[Site "Antalya"]
[Date "2018.02.01"]
[Round "8"]
[White "Kanicioglu, Ahmet Emre"]
[Black "Nay, Berk"]
[Result "1-0"]
[WhiteElo "1189"]
[BlackElo "1162"]
[PlyCount "33"]
[EventDate "2018.01.27"]
[EventType "swiss"]
[EventRounds "11"]
[EventCountry "TUR"]
[SourceTitle "CBM 182 Extra"]
[Source "ChessBase"]
[SourceDate "2018.02.23"]
[SourceVersion "1"]
[SourceVersionDate "2018.02.23"]
[SourceQuality "1"]

1. e4 e5 2. Nf3 Nc6 3. d4 exd4 4. Nxd4 Bc5 5. Be3 Qf6 6. Nb5 Bxe3 7. fxe3 Kd8 8. N1c3 Nge7 9. Qd2 a6 10. Na3 b5 11. Nab1 b4 12. Na4 Qh4+ 13. g3 Qxe4 14. Bg2 Qg6 15. 0-0 Bb7 16. Nc5 Ra7 17. Qxd7# 1-0

[Event "TUR Cup										"]
[Site "Antalya"]
[Date "2018.02.01"]
[Round "9"]
[White "Nay, Berk"]
[Black "Isik, Mehmet"]
[Result "1/2-1/2"]
[WhiteElo "1162"]
[BlackElo "1453"]
[PlyCount "53"]
[EventDate "2018.01.27"]
[EventType "swiss"]
[EventRounds "11"]
[EventCountry "TUR"]
[SourceTitle "CBM 182 Extra"]
[Source "ChessBase"]
[SourceDate "2018.02.23"]
[SourceVersion "1"]
[SourceVersionDate "2018.02.23"]
[SourceQuality "1"]

1. e4 d6 2. Nc3 Nf6 3. Bc4 g6 4. Nf3 Bg7 5. d4 0-0 6. Be3 c6 7. Qd2 b5 8. Bb3 b4 9. Ne2 a5 10. a4 Nxe4 11. Qc1 Re8 12. 0-0 Ba6 13. Re1 d5 14. Bh6 Bh8 15. Qf4 f6 16. Qxe4 e6 17. Qg4 f5 18. Qg5 Bf6 19. Qd2 Nd7 20. Bg5 Bb7 21. Bxf6 Nxf6 22. Nf4 Ne4 23. Qc1 Qd6 24. g3 Ba6 25. Nd2 Nf6 26. c4 Qd7 27. Nf3 1/2-1/2